000 00375 a2200169 4500
001 189483
020 _a85-329-0697-4
040 _cMagnum
100 _aAlbergaria, Isalino Silva de
240 1 0 _aO lado avesso da verdade
_lpor
245 1 0 _aO lado avesso da verdade
300 _a96
362 0 _a2006
440 1 _aLĂȘ
697 _aLITERATURA JUVENIL
942 _cBK
999 _c189483
_d189483